[Event "JP - 23 - 18"]
[Site "http://www.queenalice.com/game.php?id=650166"]
[Date "2009.9.10"]
[Round "-"]
[White "purplereign"]
[Black "harteattack"]
[Result "0-1"]
[WhiteElo "1255"]
[BlackElo "1318"]

1. e4 e5 2. Bc4 Qe7 3. Qf3 c6 4. d3 b5 5. Bxf7+ Kd8 6. Bxg8 Rxg8 7. Qg3 Qb4+ 8.
Bd2 Qxb2 9. Ba5+ Ke8 10. Bc3 Qc1+ 11. Ke2 Bc5 12. Na3 Qxa3 13. Kd2 b4 14. Bxe5
Rf8 15. Bxb8 Rxb8 16. Qxb8 Ke7 17. Qe5+ Kd8 18. Nf3 d6 19. Qxg7 Re8 20. Qxh7 b3
21. Qh4+ Re7 22. d4 Bb4+ 23. c3 Qb2+ 24. Ke3 Qxc3+ 25. Kf4 b2 26. Qh8+ Re8 27.
Qh4+ Kd7 28. Rac1 Qd2+ 29. Kg3 Rg8+ 30. Ng5 Kc7 31. Qf4 Qd3+ 32. Qf3 Rxg5+ 33.
Kf4 Rg4+ 0-1

[Event "JP - 25 - 18 "]
[Site "http://www.queenalice.com/game.php?id=650616"]
[Date "2009.9.11"]
[Round "-"]
[White "harteattack"]
[Black "purplereign"]
[Result "0-1"]
[WhiteElo "1387"]
[BlackElo "1231"]

1. Nf3 c5 2. d3 Qa5+ 3. c3 Nf6 4. Bd2 Nc6 5. c4 Nb4 6. a4 d6 7. Ng5 d5 8. g3 h6
9. Nh3 dxc4 10. Bg2 cxd3 11. exd3 Nxd3+ 12. Ke2 Bg4+ 13. Bf3 Nxb2 14. Qb3 Qb6
15. Qc4 Nxc4 16. Bxg4 Rd8 17. Ra3 Nxa3 18. Nxa3 Nxg4 19. Nf4 Qb2 20. Rb1 Qxa3
21. Rc1 e5 22. Nd5 Rxd5 23. Ba5 Qxc1 0-1

[Event "How the fuck did you do that?"]
[Site "http://www.queenalice.com/game.php?id=651033"]
[Date "2009.9.12"]
[Round "-"]
[White "Zwaanman"]
[Black "harteattack"]
[Result "1-0"]
[WhiteElo "1282"]
[BlackElo "1310"]

1. d4 Nc6 2. c3 g6 3. e3 d5 4. g3 Nh6 5. Nf3 b6 6. Na3 Qd6 7. Nb5 Qd7 8. h3 a6
9. Na3 e5 10. dxe5 b5 11. b4 Nf5 12. h4 1-0

[Event "Ferdi 19 - JP 25"]
[Site "http://www.queenalice.com/game.php?id=656408"]
[Date "2009.9.22"]
[Round "-"]
[White "harteattack"]
[Black "purplereign"]
[Result "1-0"]
[WhiteElo "1365"]
[BlackElo "1253"]

1. Nf3 d5 2. h4 Bg4 3. Ne5 Qd6 4. d4 Nc6 5. e4 Bxd1 6. Kxd1 Nxe5 7. Bb5+ c6 8.
Ba4 Nf6 9. exd5 Nxd5 10. Re1 b5 11. Bb3 Ng4 12. Bg5 Nxf2+ 13. Ke2 g6 14. Kxf2
Nb4 15. Re2 Bg7 16. Rxe7+ Kf8 17. Rxf7+ Kg8 18. Rd7+ Nd5 19. Rxd6 Bxd4+ 20. Ke2
Re8+ 21. Kd3 Bxb2 22. Bf6 Bxf6 23. Rxf6 Re3+ 24. Kd2 Kg7 25. Rxc6 Rf8 26. Bxd5
Rf2+ 27. Kxe3 Rxg2 28. Bxg2 1-0

[Event "Jp - 25 - 19"]
[Site "http://www.queenalice.com/game.php?id=656409"]
[Date "2009.9.22"]
[Round "-"]
[White "purplereign"]
[Black "harteattack"]
[Result "0-1"]
[WhiteElo "1241"]
[BlackElo "1377"]

1. e4 e5 2. Bc4 d6 3. Qf3 d5 4. Bxd5 Be6 5. Bxe6 fxe6 6. Qh5+ g6 7. Qxe5 Bh6 8.
Qxh8 Qh4 9. Qxg8+ Bf8 10. Qxe6+ Be7 11. Qxg6+ Kd8 12. Qg8+ Kd7 13. g3 Qxe4+ 14.
Kf1 Qf5 15. d4 Bb4 16. Qg7+ Ke6 17. Bf4 Qxc2 18. Qg8+ Kd7 19. Qxh7+ Qxh7 20. Bd2
Qd3+ 21. Ne2 Nc6 22. h4 Re8 23. Bxb4 Qxe2+ 24. Kg2 Nxb4 25. Nc3 Qg4 26. a3 Nd3
27. f3 Qxd4 0-1

[Event "JP - 27-20"]
[Site "http://www.queenalice.com/game.php?id=656726"]
[Date "2009.9.23"]
[Round "-"]
[White "purplereign"]
[Black "harteattack"]
[Result "1-0"]
[WhiteElo "1251"]
[BlackElo "1344"]

1. e4 e5 2. Bc4 Bc5 3. Qf3 Qh4 4. Qxf7+ Kd8 5. g3 Qxe4+ 6. Kd1 Nh6 7. Qd5 b5 8.
Qxe4 bxc4 9. Qxa8 Rf8 10. Qxb8 Ng4 11. Qb5 c6 12. Qxc5 Rxf2 13. h3 Rf1+ 14. Ke2
1-0

[Event "Challenge"]
[Site "http://www.queenalice.com/game.php?id=708250"]
[Date "2010.1.4"]
[Round "-"]
[White "harteattack"]
[Black "purplereign"]
[Result "1-0"]
[WhiteElo "1280"]
[BlackElo "1337"]

1. e4 Nf6 2. f3 e5 3. d3 Bb4+ 4. c3 Bc5 5. d4 exd4 6. e5 Nd5 7. h4 Qe7 8. Bg5
Qxe5+ 9. Ne2 Nxc3 10. bxc3 Qe3 11. Bxe3 dxe3 12. Nf4 1-0

[Event "kaaaarnt cup"]
[Site "http://www.queenalice.com/game.php?id=708332"]
[Date "2010.1.4"]
[Round "-"]
[White "purplereign"]
[Black "harteattack"]
[Result "1-0"]
[WhiteElo "1319"]
[BlackElo "1298"]

1. e4 Nh6 2. Bc4 d5 3. Bb5+ c6 4. Be2 dxe4 5. Nc3 Bf5 6. Nh3 Rg8 7. d3 Nd7 8.
dxe4 Be6 9. Nf4 Bg4 10. Bxg4 Nxg4 11. Qxg4 Nf6 12. Qf3 e5 13. Nh5 Nd7 14. O-O g6
15. Ng3 Qf6 16. Qg4 h5 17. Nxh5 Qd6 18. Rd1 Qc5 19. Rxd7 gxh5 20. Qxg8 Kxd7 21.
Be3 Qb4 22. Bxa7 Rxa7 23. Qxf7+ Be7 24. Rd1+ Kc7 25. Qxh5 Qxb2 26. Qxe5+ Bd6 27.
Qg7+ Kb6 28. h4 Qxc2 29. Rxd6 Qc1+ 30. Nd1 Kc5 31. Qh6 Qc4 32. e5 Rxa2 33. e6
Ra8 34. e7 Re8 35. Qg7 Qg8 36. Qf6 Qf8 37. exf8=Q Rxf8 38. Qxf8 1-0

[Event "Challenge"]
[Site "http://www.queenalice.com/game.php?id=709316"]
[Date "2010.1.6"]
[Round "-"]
[White "harteattack"]
[Black "BFBear"]
[Result "0-1"]
[WhiteElo "1238"]
[BlackElo "1579"]

1. h4 e5 2. e4 Bc5 3. Nh3 Qf6 4. Qg4 a6 5. Bd3 Nh6 6. Qf3 Qxh4 7. Rf1 d6 8. Qg3
Qxg3 9. fxg3 Bxh3 10. gxh3 Nc6 11. c3 O-O-O 0-1

[Event "Man Utd 0 - Leeds 1"]
[Site "http://www.queenalice.com/game.php?id=709841"]
[Date "2010.1.7"]
[Round "-"]
[White "harteattack"]
[Black "purplereign"]
[Result "0-1"]
[WhiteElo "1283"]
[BlackElo "1334"]

1. h4 h5 2. Nf3 Nf6 3. d4 d6 4. b3 Ne4 5. e3 Bg4 6. Bb5+ c6 7. Ba4 Qa5+ 8. Ke2
Bxf3+ 9. Kxf3 Nc3 10. Qd2 Qf5+ 11. Kg3 Ne4+ 12. Kh2 Nxd2 13. Bxd2 Qxf2 14. Na3
Qxh4+ 15. Kg1 Qf6 16. Rf1 Qe6 17. Ba5 b5 18. Nxb5 cxb5 19. Bxb5+ Nd7 20. Bc6 Rc8
21. d5 Qxe3+ 22. Rf2 e6 23. Bd2 Qc5 24. Rh4 exd5 25. b4 Qxc6 26. Bg5 f6 27. Re2+
Be7 28. Be3 Qa4 29. g4 Rxc2 30. Re1 Qxb4 31. Bf2 Rxa2 32. Re3 f5 33. Rhh3 fxg4
34. Rb3 Qd2 35. Rhd3 Qxf2+ 36. Kh1 Qg2# 0-1

[Event "Tiger Woods swings the other way"]
[Site "http://www.queenalice.com/game.php?id=710309"]
[Date "2010.1.8"]
[Round "-"]
[White "purplereign"]
[Black "harteattack"]
[Result "1-0"]
[WhiteElo "1336"]
[BlackElo "1269"]

1. a4 a5 2. e3 e6 3. Nc3 Nc6 4. Bb5 Bd6 5. Bxc6 dxc6 6. Nf3 h5 7. Ng5 Qxg5 8. g3
e5 9. Ne4 Qh6 10. Qf3 Bg4 11. Qg2 Be2 12. Kxe2 Bb4 13. c3 Be7 14. b4 O-O-O 15.
Qh3+ f5 16. Qxf5+ Rd7 17. Qxe5 Kd8 18. Qxa5 Qe6 19. Qa8# 1-0

[Event "Challenge"]
[Site "http://www.queenalice.com/game.php?id=711966"]
[Date "2010.1.11"]
[Round "-"]
[White "purplereign"]
[Black "harteattack"]
[Result "1-0"]
[WhiteElo "1338"]
[BlackElo "1276"]

1. e4 e5 2. Bc4 d6 3. Qf3 Nf6 4. Nc3 Bg4 5. Bb5+ c6 6. Bxc6+ Nxc6 7. Qd3 Nd4 8.
f3 Bh5 9. Nge2 Nc6 10. Qb5 Nd7 11. d3 Qh4+ 12. Ng3 Qg5 13. Bxg5 a6 14. Qxb7 Nb6
15. Qxc6+ Nd7 16. Qxa8+ Nb8 17. Qxb8+ Kd7 18. Nxh5 f6 19. Nxf6+ Ke7 20. Ncd5+
Ke6 21. Qe8+ Be7 22. Qxe7# 1-0

[Event "Barmy Army"]
[Site "http://www.queenalice.com/game.php?id=712542"]
[Date "2010.1.12"]
[Round "-"]
[White "purplereign"]
[Black "harteattack"]
[Result "1-0"]
[WhiteElo "1340"]
[BlackElo "1262"]

1. e4 e5 2. Bc4 g6 3. Qf3 Nh6 4. d3 Qh4 5. g3 Qe7 6. Ne2 d6 7. Bxh6 Bxh6 8. Bb5+
c6 9. Ba4 d5 10. exd5 Qb4+ 11. Nbc3 Qxb2 12. Rb1 Qxb1+ 13. Nxb1 O-O 14. d6 b5
15. Bb3 Kg7 16. h3 Rd8 17. Bxf7 Rxd6 18. Bxg6 hxg6 19. Qg2 a6 20. f4 Ra7 21.
fxe5 Re6 22. d4 Rf7 23. Nf4 Ref6 24. exf6+ Rxf6 25. O-O g5 26. Nh5+ Kg6 27. Nxf6
Be6 28. h4 Bc4 29. Rf2 Bxa2 30. h5+ Kg7 31. Qe4 Kf7 32. Qg6+ Ke7 33. Qxh6 Nd7
34. Re2+ Be6 35. d5 cxd5 36. Nxd5+ Kd8 37. Rxe6 Nf8 38. Qxf8+ Kd7 39. Qe7+ Kc8
40. h6 1-0